[Event "Catalunya-ch"]
[Site "Llinars del Valles"]
[Date "2022.10.31"]
[Round "6"]
[White "Asis Gargatagli, Hipolito"]
[Black "Vila Gazquez, Xavier"]
[Result "1/2-1/2"]
[WhiteElo "2503"]
[BlackElo "2476"]
[PlyCount "47"]
[EventDate "2022.10.28"]
[EventType "tourn"]
[EventRounds "7"]
[EventCountry "ESP"]
[EventCategory "10"]
[SourceTitle "EXT 2024"]
[Source "ChessBase"]
[SourceDate "2023.10.10"]
[SourceVersion "1"]
[SourceVersionDate "2023.10.10"]
[SourceQuality "1"]

1. e4 e5 2. Nf3 Nf6 3. Nxe5 d6 4. Nf3 Nxe4 5. Bd3 Nf6 6. 0-0 Be7 7. c3 0-0 8. Bc2 Bg4 9. d4 Bh5 10. Re1 Re8 11. Nbd2 Bf8 12. Rxe8 Qxe8 13. Nf1 Bg6 14. Bxg6 hxg6 15. Ng3 Qc6 16. Bg5 Nbd7 17. Bxf6 Nxf6 18. Qd2 Re8 19. Rd1 Qd5 20. b3 Ne4 21. Qe3 Nf6 22. Qd2 Ne4 23. Qe3 Nf6 24. Qd2 1/2-1/2

[Event "Catalunya-ch"]
[Site "Llinars del Valles"]
[Date "2022.10.30"]
[Round "4"]
[White "Garriga Cazorla, Pere"]
[Black "Vila Gazquez, Xavier"]
[Result "1-0"]
[WhiteElo "2483"]
[BlackElo "2476"]
[PlyCount "63"]
[EventDate "2022.10.28"]
[EventType "tourn"]
[EventRounds "7"]
[EventCountry "ESP"]
[EventCategory "10"]
[SourceTitle "EXT 2024"]
[Source "ChessBase"]
[SourceDate "2023.10.10"]
[SourceVersion "1"]
[SourceVersionDate "2023.10.10"]
[SourceQuality "1"]

1. e4 c5 2. Nf3 e6 3. d4 cxd4 4. Nxd4 Nc6 5. Nc3 Qc7 6. Be3 a6 7. Qf3 Nf6 8. 0-0-0 d6 9. Be2 Bd7 10. g4 Nxd4 11. Rxd4 Bc6 12. g5 Nd7 13. h4 b5 14. Kb1 Qb7 15. h5 b4 16. Nd5 Ne5 17. Qg2 exd5 18. exd5 Bb5 19. f4 Bxe2 20. Qxe2 Be7 21. Bd2 Nd7 22. Re1 Nb6 23. f5 Nxd5 24. Rxd5 0-0 25. Rd4 Bd8 26. f6 Bb6 27. Re4 Qd5 28. fxg7 Kxg7 29. Bxb4 Ba5 30. Bxa5 Qxa5 31. Qf3 Qd8 32. Re7 1-0

[Event "Catalunya-ch"]
[Site "Llinars del Valles"]
[Date "2022.10.29"]
[Round "3"]
[White "Gines Esteo, Pedro Antonio"]
[Black "Vila Gazquez, Xavier"]
[Result "1-0"]
[WhiteElo "2492"]
[BlackElo "2476"]
[PlyCount "67"]
[EventDate "2022.10.28"]
[EventType "tourn"]
[EventRounds "7"]
[EventCountry "ESP"]
[EventCategory "10"]
[SourceTitle "EXT 2024"]
[Source "ChessBase"]
[SourceDate "2023.10.10"]
[SourceVersion "1"]
[SourceVersionDate "2023.10.10"]
[SourceQuality "1"]

1. c4 e5 2. Nc3 Bb4 3. Nd5 Be7 4. d4 d6 5. e4 Nf6 6. Nxe7 Qxe7 7. f3 exd4 8. Qxd4 Nc6 9. Qc3 0-0 10. Ne2 Qe5 11. Bf4 Qxc3+ 12. Nxc3 Ne8 13. g4 Ne5 14. Be2 Be6 15. Nd5 f6 16. Ne3 a6 17. Kf2 g6 18. h4 Ng7 19. Rag1 b5 20. Rc1 bxc4 21. Nxc4 Nxc4 22. Bxc4 Bxc4 23. Rxc4 Ne6 24. Bd2 Rfb8 25. Bc3 Kf7 26. g5 f5 27. h5 fxe4 28. hxg6+ hxg6 29. Rh7+ Kg8 30. Rh6 Kf7 31. Rxe4 d5 32. Rh7+ Kg8 33. Reh4 Rf8 34. Bf6 1-0

[Event "Barbera del Valles"]
[Site "Barbera del Valles"]
[Date "2020.07.??"]
[Round "3"]
[White "Delorme, Axel"]
[Black "Vila Gazquez, Xavier"]
[Result "0-1"]
[WhiteElo "2493"]
[BlackElo "2470"]
[PlyCount "118"]
[EventDate "2020.07.??"]
[EventType "tourn"]
[EventRounds "9"]
[EventCountry "ESP"]
[EventCategory "8"]
[SourceTitle "EXT 2024"]
[Source "ChessBase"]
[SourceDate "2023.10.10"]
[SourceVersion "1"]
[SourceVersionDate "2023.10.10"]
[SourceQuality "1"]

1. e4 c5 2. Nf3 e6 3. g3 Nc6 4. Bg2 a6 5. 0-0 b5 6. c3 Nf6 7. e5 Nd5 8. d4 cxd4 9. cxd4 Bb7 10. Nbd2 f5 11. exf6 Nxf6 12. Nb3 Be7 13. Nc5 Bxc5 14. dxc5 Qe7 15. Bf4 Qxc5 16. Bd6 Qd5 17. Ne5 Qxd1 18. Rfxd1 Nd8 19. Rac1 Bxg2 20. Kxg2 Nf7 21. Rc7 Nxe5 22. Bxe5 Nd5 23. Rb7 Rg8 24. Rc1 Ke7 25. Rc6 g6 26. Rd6 Rgd8 27. a3 Ke8 28. h4 Ke7 29. g4 h5 30. g5 Ke8 31. Kf3 Ke7 32. Ke4 Ke8 33. b3 Ke7 34. a4 bxa4 35. bxa4 Rac8 36. Kd4 Rc2 37. f4 Rd2+ 38. Ke4 Re2+ 39. Kf3 Re3+ 40. Kf2 Ra3 41. Rxd5 exd5 42. Bf6+ Ke8 43. Bxd8 Kxd8 44. Rb6 Rxa4 45. Rxa6 Rxf4+ 46. Kg3 Rg4+ 47. Kh3 Ke7 48. Rxg6 d4 49. Rf6 d3 50. Rf2 Ke6 51. Rd2 Rd4 52. Kg3 Kf5 53. Rf2+ Ke5 54. Rd2 Ke4 55. Kf2 Rc4 56. Rd1 Rc2+ 57. Kg3 Ke3 58. g6 Rc6 59. Re1+ Kd4 0-1

[Event "Barbera del Valles"]
[Site "Barbera del Valles"]
[Date "2020.07.??"]
[Round "2"]
[White "Perez Manas, Benjamin"]
[Black "Vila Gazquez, Xavier"]
[Result "1-0"]
[WhiteElo "2280"]
[BlackElo "2470"]
[PlyCount "65"]
[EventDate "2020.07.??"]
[EventType "tourn"]
[EventRounds "9"]
[EventCountry "ESP"]
[EventCategory "8"]
[SourceTitle "EXT 2024"]
[Source "ChessBase"]
[SourceDate "2023.10.10"]
[SourceVersion "1"]
[SourceVersionDate "2023.10.10"]
[SourceQuality "1"]

1. e4 c5 2. Nf3 Nc6 3. Bb5 e6 4. 0-0 Nge7 5. Re1 Ng6 6. c3 a6 7. Bf1 d5 8. exd5 Qxd5 9. d4 cxd4 10. cxd4 Be7 11. Nc3 Qd7 12. d5 exd5 13. Nxd5 0-0 14. Nxe7+ Ncxe7 15. h3 Qxd1 16. Rxd1 Nc6 17. Be3 Be6 18. Ng5 Bf5 19. g4 Bc8 20. Bg2 h6 21. Ne4 f5 22. gxf5 Bxf5 23. Nd6 Nh4 24. Bd5+ Kh8 25. Nxb7 Nb4 26. Bc5 Nxd5 27. Bxf8 Nf3+ 28. Kg2 Rxf8 29. Rxd5 Be4 30. Rd8 Ng5+ 31. Kg3 Rxd8 32. Nxd8 Kg8 33. h4 1-0

[Event "Barbera del Valles"]
[Site "Barbera del Valles"]
[Date "2020.07.??"]
[Round "9"]
[White "Vila Gazquez, Xavier"]
[Black "Hernandez, Cristian Andres"]
[Result "0-1"]
[WhiteElo "2470"]
[BlackElo "2352"]
[PlyCount "36"]
[EventDate "2020.07.??"]
[EventType "tourn"]
[EventRounds "9"]
[EventCountry "ESP"]
[EventCategory "8"]
[SourceTitle "EXT 2024"]
[Source "ChessBase"]
[SourceDate "2023.10.10"]
[SourceVersion "1"]
[SourceVersionDate "2023.10.10"]
[SourceQuality "1"]

1. Nf3 c5 2. e4 d6 3. d4 Nf6 4. Nc3 cxd4 5. Nxd4 a6 6. Qf3 e6 7. h3 Nbd7 8. g4 h6 9. Be3 Qc7 10. 0-0-0 b5 11. h4 Ne5 12. Qg2 Nexg4 13. Bd2 Bb7 14. f3 Ne5 15. Bf4 Rc8 16. Kb1 Nc4 17. Bxc4 Qxc4 18. Rdg1 Qxd4 0-1

[Event "Barbera del Valles"]
[Site "Barbera del Valles"]
[Date "2020.07.??"]
[Round "7"]
[White "Vila Gazquez, Xavier"]
[Black "Lopez Martinez, Josep Manuel"]
[Result "0-1"]
[WhiteElo "2470"]
[BlackElo "2545"]
[PlyCount "98"]
[EventDate "2020.07.??"]
[EventType "tourn"]
[EventRounds "9"]
[EventCountry "ESP"]
[EventCategory "8"]
[SourceTitle "EXT 2024"]
[Source "ChessBase"]
[SourceDate "2023.10.10"]
[SourceVersion "1"]
[SourceVersionDate "2023.10.10"]
[SourceQuality "1"]

1. Nf3 Nf6 2. g3 b5 3. Bg2 Bb7 4. 0-0 e6 5. Re1 c5 6. d3 d5 7. Nbd2 Be7 8. a4 b4 9. e4 0-0 10. Qe2 a5 11. h4 Nc6 12. e5 Nd7 13. Nf1 Ba6 14. N1h2 c4 15. h5 Nc5 16. dxc4 Bxc4 17. Qe3 b3 18. c3 Nd3 19. Rd1 Bc5 20. Nd4 Ncxe5 21. f4 Nxc1 22. fxe5 Ne2+ 23. Kh1 h6 24. Rd2 Nxd4 25. cxd4 Be7 26. Nf3 Rc8 27. Rf2 Ba6 28. Qxb3 Rb8 29. Qc3 Rb4 30. Rc2 Bc4 31. Rf2 Qb6 32. g4 Rb3 33. Qd2 Rb8 34. Qf4 Rf8 35. Rd1 Rxb2 36. Rxb2 Qxb2 37. g5 hxg5 38. Nxg5 Qe2 39. Rg1 Qxh5+ 40. Nh3 Bd3 41. Qg3 Bg6 42. Bf3 Qh4 43. Qxh4 Bxh4 44. Nf4 Bf5 45. Nh5 g6 46. Nf6+ Kg7 47. Nh5+ Kh6 48. Nf6 Rb8 49. Kg2 Bxf6 0-1

[Event "Catalunya-chT Gp2"]
[Site "Barcelona"]
[Date "2019.01.26"]
[Round "2.2"]
[White "Vila Gazquez, Xavier"]
[Black "Gual Pascual, Antonio"]
[Result "0-1"]
[WhiteElo "2475"]
[BlackElo "2362"]
[PlyCount "130"]
[EventDate "2019.01.19"]
[EventType "team-tourn"]
[EventRounds "7"]
[EventCountry "ESP"]
[SourceTitle "CBM 188 Extra"]
[Source "ChessBase"]
[SourceDate "2019.02.26"]
[SourceVersion "1"]
[SourceVersionDate "2019.02.26"]
[SourceQuality "1"]
[WhiteTeam "Barbera"]
[BlackTeam "Cerdanyola Valles"]
[WhiteTeamCountry "ESP"]
[BlackTeamCountry "ESP"]

1. e4 d6 2. d4 Nf6 3. Nc3 g6 4. Bg5 c6 5. Qd2 Nbd7 6. f4 d5 7. e5 Ne4 8. Nxe4 dxe4 9. e6 fxe6 10. Ne2 Bg7 11. Nc3 Qa5 12. Bc4 Nb6 13. Bb3 Nd5 14. 0-0-0 h6 15. Bh4 e3 16. Qe1 Nxf4 17. Bg3 e2 18. Rd2 0-0 19. Nxe2 Nd5 20. c4 Nb4 21. a3 Na6 22. Nf4 Qb6 23. Qe3 c5 24. d5 e5 25. Ne2 Bf5 26. Ba2 Qf6 27. Nc3 Nb8 28. Ne4 Qb6 29. Nxc5 Nd7 30. Bf2 Nxc5 31. Qxc5 Qf6 32. Re1 h5 33. Qe3 Kh7 34. Qg3 Rac8 35. Be3 Qa6 36. Bg5 Rxc4+ 37. Bxc4 Qxc4+ 38. Qc3 Qa2 39. Rc2 Rc8 40. Qxc8 Bxc8 41. Rxc8 Qa1+ 42. Kd2 Qxb2+ 43. Rc2 Qxa3 44. Ke2 Qa4 45. Kd2 Qa5+ 46. Ke2 Qxd5 47. h4 Qxg2+ 48. Kd1 Qd5+ 49. Kc1 Bf6 50. Rd1 Bxg5+ 51. hxg5 Qf3 52. Re1 Qf4+ 53. Kd1 Qxg5 54. Rce2 Qg4 55. Kd2 Qd4+ 56. Kc2 b5 57. Rxe5 Qc4+ 58. Kb2 b4 59. Rxe7+ Kh6 60. R1e3 Qd4+ 61. Kb3 a5 62. R7e4 Qa1 63. Re6 Qb1+ 64. Kc4 Qc2+ 65. Kd4 a4 0-1

[Event "Catalunya-chT GpA final"]
[Site "Barcelona"]
[Date "2018.03.17"]
[Round "2.1"]
[White "Vila Gazquez, Xavier"]
[Black "Cruz, Jonathan"]
[Result "0-1"]
[WhiteElo "2485"]
[BlackElo "2417"]
[PlyCount "116"]
[EventDate "2018.03.10"]
[EventType "team-tourn"]
[EventRounds "4"]
[EventCountry "ESP"]
[SourceTitle "CBM 183 Extra"]
[Source "ChessBase"]
[SourceDate "2018.04.19"]
[SourceVersion "1"]
[SourceVersionDate "2018.04.19"]
[SourceQuality "1"]
[WhiteTeam "Barbera"]
[BlackTeam "Tres Peons"]
[WhiteTeamCountry "ESP"]
[BlackTeamCountry "ESP"]

1. d4 Nf6 2. c4 c5 3. d5 e6 4. Nc3 exd5 5. cxd5 d6 6. Nf3 a6 7. a4 g6 8. g3 Bg7 9. Bg2 0-0 10. 0-0 Nbd7 11. Nd2 Ne8 12. a5 b5 13. axb6 Nxb6 14. Nb3 Nc4 15. Ra4 Nb6 16. Ra2 Nc4 17. Qd3 Rb8 18. Nd2 Nxd2 19. Bxd2 Nc7 20. Nd1 Bf5 21. e4 Bd7 22. Re1 Nb5 23. Rxa6 Qc8 24. Ra2 Nd4 25. Nc3 c4 26. Qb1 Bg4 27. Bf4 Rb6 28. Re3 h6 29. h4 Qd8 30. f3 Bd7 31. Re1 Nxf3+ 32. Bxf3 Bxc3 33. Bxh6 Re8 34. bxc3 Rxb1 35. Rxb1 Qf6 36. Kg2 Qxc3 37. Rc1 Qb3 38. Rac2 Rc8 39. Rc3 Qb4 40. h5 Qb2+ 41. R1c2 Qa1 42. Bf4 Ba4 43. Rc1 Qb2+ 44. Kg1 Bb3 45. Bxd6 Ra8 46. Be5 Ra2 47. g4 Qf2+ 48. Kh1 Qh4+ 49. Kg1 Qg5 50. Bg3 gxh5 51. d6 h4 52. Be1 Qc5+ 53. Kf1 Qxd6 54. Bxh4 Qh2 55. Be1 Qh3+ 56. Kg1 Qh2+ 57. Kf1 Bc2 58. g5 Bd3+ 0-1

[Event "Catalunya-chT Gp2"]
[Site "Barcelona"]
[Date "2018.02.10"]
[Round "4.1"]
[White "Fluvia Poyatos, Joan"]
[Black "Vila Gazquez, Xavier"]
[Result "1/2-1/2"]
[WhiteElo "2493"]
[BlackElo "2485"]
[PlyCount "117"]
[EventDate "2018.01.20"]
[EventType "team-tourn"]
[EventRounds "7"]
[EventCountry "ESP"]
[SourceTitle "CBM 182 Extra"]
[Source "ChessBase"]
[SourceDate "2018.02.23"]
[SourceVersion "1"]
[SourceVersionDate "2018.02.23"]
[SourceQuality "1"]
[WhiteTeam "Sant Josep de Badalona"]
[BlackTeam "Barbera"]
[WhiteTeamCountry "ESP"]
[BlackTeamCountry "ESP"]

1. Nf3 Nf6 2. g3 d5 3. Bg2 g6 4. 0-0 Bg7 5. d4 0-0 6. c4 c6 7. Ne5 Nfd7 8. Nxd7 Nxd7 9. cxd5 cxd5 10. Nc3 e6 11. e3 Nf6 12. Bd2 Ne8 13. a4 Nd6 14. Nb5 Nxb5 15. axb5 Qb6 16. Qb3 Bd7 17. Ra5 a6 18. Rfa1 Rfc8 19. Bf1 Rab8 20. Bb4 Bf8 21. Bxf8 Rxf8 22. Qa2 Rfc8 23. bxa6 bxa6 24. Rxa6 Qxb2 25. Qxb2 Rxb2 26. Ra8 Rxa8 27. Rxa8+ Kg7 28. Ra5 h5 29. h4 Kf6 30. Kg2 Rb4 31. Be2 Ba4 32. Bd3 Bb3 33. Rb5 Rxb5 34. Bxb5 Bc2 35. Kf1 e5 36. Ke2 exd4 37. exd4 Bb1 38. Ke3 Bc2 39. Kf4 Bb3 40. Ke3 Ke6 41. Kd2 Kf5 42. Kd3 Bd1 43. Bd7+ Kf6 44. Kd2 Bf3 45. Ba4 Be4 46. Ke3 Ke6 47. Kf4 f6 48. Bb5 Bc2 49. Be2 Bb1 50. f3 Bc2 51. g4 Bb1 52. Bb5 Ke7 53. Bc6 Ba2 54. Ba4 Bc4 55. Ke3 Ba2 56. Bd1 Bb1 57. Kd2 hxg4 58. fxg4 g5 59. hxg5 1/2-1/2

[Event "ESP-ch rapid"]
[Site "Linares"]
[Date "2017.08.13"]
[Round "4"]
[White "Garcia Molina, Francisco Miguel"]
[Black "Vila Gazquez, Xavier"]
[Result "1/2-1/2"]
[WhiteElo "2179"]
[BlackElo "2483"]
[PlyCount "127"]
[EventDate "2017.08.13"]
[EventType "swiss (rapid)"]
[EventRounds "9"]
[EventCountry "ESP"]
[SourceTitle "CBM 179 Extra"]
[Source "ChessBase"]
[SourceDate "2017.08.23"]
[SourceVersion "1"]
[SourceVersionDate "2017.08.23"]
[SourceQuality "1"]

1. d4 d5 2. Nf3 Nf6 3. e3 Bg4 4. h3 Bh5 5. c4 dxc4 6. Bxc4 e6 7. Nc3 Nbd7 8. 0-0 Bb4 9. Be2 0-0 10. a3 Bxc3 11. bxc3 c5 12. a4 Qc7 13. a5 Rfd8 14. Bb2 Rac8 15. Re1 Bg6 16. Qb3 Rb8 17. Red1 Rbc8 18. Re1 Be4 19. Nd2 Bf5 20. Bf3 Rb8 21. e4 Bg6 22. d5 Ne5 23. c4 Nxf3+ 24. Qxf3 e5 25. Qc3 Nd7 26. Nf3 f6 27. Nd2 b5 28. axb6 Rxb6 29. Qa5 Rdb8 30. Bc3 a6 31. Kh2 Qd6 32. f3 Be8 33. Reb1 Nf8 34. Rxb6 Rxb6 35. Rb1 Rxb1 36. Nxb1 Nd7 37. Nd2 f5 38. Bb2 f4 39. Ba3 Qe7 40. Qxa6 Kh8 41. Qe6 Qxe6 42. dxe6 Nf8 43. Bxc5 Nxe6 44. Bd6 Kg8 45. Bxe5 Kf7 46. Nb3 g5 47. c5 Ba4 48. c6 Bxb3 49. c7 Nxc7 50. Bxc7 Bd1 51. Kg1 Ba4 52. Kf2 Bd7 53. Bd8 h6 54. h4 Kg6 55. hxg5 hxg5 56. g3 fxg3+ 57. Kxg3 Bc8 58. Kf2 Bd7 59. Ke3 Bc8 60. Kd4 Ba6 61. Ke5 Be2 62. Bxg5 Bxf3 63. Bf4 Bxe4 64. Kxe4 1/2-1/2

[Event "ESP-ch rapid"]
[Site "Linares"]
[Date "2017.08.13"]
[Round "7"]
[White "Vila Gazquez, Xavier"]
[Black "Cordova, Emilio"]
[Result "0-1"]
[WhiteElo "2483"]
[BlackElo "2629"]
[PlyCount "74"]
[EventDate "2017.08.13"]
[EventType "swiss (rapid)"]
[EventRounds "9"]
[EventCountry "ESP"]
[SourceTitle "CBM 179 Extra"]
[Source "ChessBase"]
[SourceDate "2017.08.23"]
[SourceVersion "1"]
[SourceVersionDate "2017.08.23"]
[SourceQuality "1"]

1. e4 c5 2. Nf3 a6 3. c4 e6 4. Nc3 d6 5. d4 cxd4 6. Nxd4 b6 7. Be2 Bb7 8. 0-0 Nf6 9. f3 Nbd7 10. Be3 Be7 11. Qd2 0-0 12. Rfd1 Qc7 13. Kh1 Rac8 14. Rac1 Qb8 15. Bg1 Rfe8 16. Bf1 Bd8 17. b3 Bc7 18. Qf2 Ne5 19. Nc2 Ng6 20. Nd4 h5 21. Bd3 h4 22. h3 Nh5 23. Bh2 Ba8 24. Bb1 Re7 25. Nde2 b5 26. cxb5 axb5 27. f4 b4 28. Na4 Nf6 29. e5 dxe5 30. Bxg6 fxg6 31. fxe5 Ne4 32. Qxh4 Rf7 33. Rf1 Bd8 34. Qe1 Rxc1 35. Nxc1 Bh4 36. Qe2 Nf2+ 37. Kg1 Qb7 0-1

[Event "ESP-chT CECLUB Div2"]
[Site "Linares"]
[Date "2017.08.11"]
[Round "6.1"]
[White "Vila Gazquez, Xavier"]
[Black "Claros Egea, Christian"]
[Result "1-0"]
[WhiteElo "2483"]
[BlackElo "2227"]
[PlyCount "107"]
[EventDate "2017.08.08"]
[EventType "team"]
[EventRounds "7"]
[EventCountry "ESP"]
[SourceTitle "CBM 179 Extra"]
[Source "ChessBase"]
[SourceDate "2017.08.23"]
[SourceVersion "1"]
[SourceVersionDate "2017.08.23"]
[SourceQuality "1"]
[WhiteTeam "Barbera"]
[BlackTeam "Miraflores Smartick"]
[WhiteTeamCountry "ESP"]
[BlackTeamCountry "ESP"]

1. Nf3 c5 2. g3 Nf6 3. Bg2 g6 4. 0-0 Bg7 5. c4 d5 6. cxd5 Nxd5 7. d4 cxd4 8. Nxd4 0-0 9. Nb5 a6 10. Bxd5 axb5 11. Qb3 Nc6 12. Be3 Na5 13. Qxb5 Bd7 14. Qb4 Nc6 15. Qd2 Be6 16. Bxe6 Qxd2 17. Nxd2 fxe6 18. Rfb1 Nb4 19. a4 Nc2 20. Ra2 b5 21. Bc5 Rfd8 22. Nf3 Rxa4 23. Rxa4 bxa4 24. Rc1 Bxb2 25. Rxc2 a3 26. Bxa3 Bxa3 27. Rc3 Bd6 28. Re3 e5 29. Nxe5 Bxe5 30. Rxe5 Kf7 31. Kg2 Rd2 32. g4 h6 33. h4 Kf6 34. Re4 e6 35. e3 Ra2 36. Rf4+ Kg7 37. Rb4 Kf6 38. Rb7 Ra4 39. Kg3 h5 40. g5+ Ke5 41. f3 Ra1 42. Rg7 Rg1+ 43. Kh2 Rf1 44. Kg2 Re1 45. Rxg6 Rxe3 46. Rh6 Kf4 47. Rf6+ Ke5 48. Kg3 Re1 49. Rh6 Rg1+ 50. Kh2 Ra1 51. Rxh5 Kf4 52. g6 Ra2+ 53. Kh3 Kxf3 54. Rg5 1-0

[Event "Catalunya-chT GpA final"]
[Site "Barcelona"]
[Date "2017.03.11"]
[Round "1.4"]
[White "Vila Gazquez, Xavier"]
[Black "Colon Garcia, Enrique"]
[Result "1-0"]
[WhiteElo "2465"]
[BlackElo "2329"]
[PlyCount "83"]
[EventDate "2017.03.11"]
[EventType "team-tourn"]
[EventRounds "11"]
[EventCountry "ESP"]
[SourceTitle "CBM 177 Extra"]
[Source "ChessBase"]
[SourceDate "2017.04.27"]
[SourceVersion "1"]
[SourceVersionDate "2017.04.27"]
[SourceQuality "1"]
[WhiteTeam "Barbera"]
[BlackTeam "Sant Andreu"]
[WhiteTeamCountry "ESP"]
[BlackTeamCountry "ESP"]

1. Nf3 Nf6 2. g3 d5 3. Bg2 e6 4. 0-0 Be7 5. d3 b6 6. e4 dxe4 7. dxe4 Qxd1 8. Rxd1 Bb7 9. e5 Nfd7 10. a3 a6 11. h4 Ra7 12. Bf4 h6 13. Nbd2 Nf8 14. Nc4 Ng6 15. Be3 Nd7 16. Bd4 Bd5 17. Nfd2 Bxg2 18. Kxg2 Bc5 19. Bxc5 Nxc5 20. f4 Ne7 21. b4 Na4 22. Ne4 Nd5 23. Rd3 Ke7 24. Kf3 Raa8 25. Rb1 Rhc8 26. Ncd2 b5 27. Nb3 Nab6 28. Na5 Na4 29. c4 bxc4 30. Nxc4 f5 31. exf6+ gxf6 32. Re1 Rd8 33. Na5 Kf7 34. Nb7 Re8 35. Nbc5 Nxc5 36. Nxc5 a5 37. f5 c6 38. fxe6+ Ke7 39. b5 Kd6 40. Ne4+ Kxe6 41. bxc6 Red8 42. Nc3+ 1-0

[Event "Catalunya-chT Gp2"]
[Site "Barcelona"]
[Date "2017.02.04"]
[Round "3.4"]
[White "Escandell Mari, Juan Carlos"]
[Black "Vila Gazquez, Xavier"]
[Result "0-1"]
[WhiteElo "2302"]
[BlackElo "2465"]
[PlyCount "102"]
[EventDate "2017.01.21"]
[EventType "team-tourn"]
[EventRounds "7"]
[EventCountry "ESP"]
[SourceTitle "CBM 176 Extra"]
[Source "ChessBase"]
[SourceDate "2017.03.02"]
[SourceVersion "1"]
[SourceVersionDate "2017.03.02"]
[SourceQuality "1"]
[WhiteTeam "Cerdanyola Valles"]
[BlackTeam "Barbera"]
[WhiteTeamCountry "ESP"]
[BlackTeamCountry "ESP"]

1. e4 d5 2. exd5 Qxd5 3. Nc3 Qd6 4. d4 Nf6 5. Nf3 c6 6. Ne5 Be6 7. Be2 g6 8. Bf4 Qd8 9. 0-0 Bg7 10. Qd2 0-0 11. Rfd1 Nbd7 12. Bf3 Rc8 13. a4 Nd5 14. Nxd5 cxd5 15. Nxd7 Qxd7 16. Be2 a6 17. a5 f6 18. c3 Bf7 19. Bh6 e5 20. Bxg7 Kxg7 21. dxe5 fxe5 22. f4 exf4 23. Qxf4 Kg8 24. Qd4 Qe7 25. Bf3 Rc4 26. Qb6 Qc5+ 27. Qxc5 Rxc5 28. Rd4 Rfc8 29. Rb4 R8c7 30. Kf2 Re7 31. Re1 Rec7 32. Ra1 Re7 33. Ra3 Kf8 34. Ra1 Rec7 35. Ke3 Ke7 36. Kd4 Rc4+ 37. Rxc4 Rxc4+ 38. Ke5 Rc5 39. Ra4 Be8 40. Ra1 Bf7 41. Be2 Rc6 42. Kd4 Rf6 43. Rf1 Rc6 44. h4 Be6 45. b4 Bf5 46. g4 Be6 47. g5 Bf5 48. Rf3 Kd6 49. h5 Rc7 50. Re3 gxh5 51. Bxh5 Rc4# 0-1

[Event "Catalunya-chT Gp2"]
[Site "Barcelona"]
[Date "2016.03.05"]
[Round "7.3"]
[White "Baches Garcia, Guillermo"]
[Black "Vila Gazquez, Xavier"]
[Result "0-1"]
[WhiteElo "2346"]
[BlackElo "2472"]
[PlyCount "42"]
[EventDate "2016.01.23"]
[EventType "team-tourn"]
[EventRounds "7"]
[EventCountry "ESP"]
[SourceTitle "EXT 2017"]
[Source "ChessBase"]
[SourceDate "2016.10.25"]
[SourceVersion "1"]
[SourceVersionDate "2016.10.25"]
[SourceQuality "1"]
[WhiteTeam "Lleida"]
[BlackTeam "Barbera"]
[WhiteTeamCountry "ESP"]
[BlackTeamCountry "ESP"]

1. d4 d5 2. c4 dxc4 3. e3 Nf6 4. Bxc4 g6 5. Qb3 e6 6. Nf3 Bg7 7. Qa3 Qd6 8. b3 0-0 9. Qxd6 cxd6 10. Ba3 Rd8 11. Nbd2 b6 12. Rc1 Bb7 13. Ke2 Nc6 14. Rc2 a5 15. Bb5 Nb4 16. Rb2 Nfd5 17. Nb1 e5 18. Kd2 Nc7 19. Be2 Ne6 20. Ke1 exd4 21. exd4 Rac8 0-1

[Event "Santa Coloma op rapid 8th"]
[Site "Santa Coloma"]
[Date "2015.06.07"]
[Round "8"]
[White "Vila Gazquez, Xavier"]
[Black "Fernandez Soriano, Ruben"]
[Result "1/2-1/2"]
[WhiteElo "2472"]
[BlackElo "2131"]
[PlyCount "98"]
[EventDate "2015.06.07"]
[EventType "swiss (rapid)"]
[EventRounds "8"]
[EventCountry "ESP"]
[SourceTitle "CBM 166 Extra"]
[Source "ChessBase"]
[SourceDate "2015.06.18"]
[SourceVersion "1"]
[SourceVersionDate "2015.06.18"]
[SourceQuality "1"]

1. Nf3 Nc6 2. d4 d5 3. g3 Bg4 4. Bg2 Nf6 5. h3 Bxf3 6. Bxf3 e5 7. dxe5 Nxe5 8. Bg2 c6 9. 0-0 Bc5 10. Nd2 0-0 11. b3 Re8 12. Bb2 a5 13. a4 Qe7 14. e3 Rad8 15. Qe2 h6 16. Rad1 Qc7 17. Nf3 Nxf3+ 18. Qxf3 Be7 19. c4 dxc4 20. bxc4 Rxd1 21. Rxd1 Rd8 22. Bd4 c5 23. Bc3 Rxd1+ 24. Qxd1 b6 25. e4 Qd7 26. Qc2 Qe6 27. Bb2 Ne8 28. e5 Nc7 29. f4 Qd7 30. f5 Bg5 31. Kh2 Be3 32. Qe2 Bd4 33. e6 fxe6 34. fxe6 Qe7 35. Bxd4 cxd4 36. Bd5 Kh8 37. Qe4 Qf6 38. Kg2 d3 39. e7 Ne8 40. Qe6 Qxe6 41. Bxe6 d2 42. Bg4 g6 43. Kf1 Kg7 44. Ke2 Kf6 45. Bd7 d1Q+ 46. Kxd1 Kxe7 47. Bxe8 Kxe8 48. Kd2 Kd7 49. Kd3 Ke6 1/2-1/2

[Event "Catalunya-chT GpA final"]
[Site "Barcelona"]
[Date "2015.04.11"]
[Round "10.1"]
[White "Vila Gazquez, Xavier"]
[Black "Alonso Rosell, Alvar"]
[Result "1/2-1/2"]
[WhiteElo "2471"]
[BlackElo "2530"]
[PlyCount "41"]
[EventDate "2015.03.14"]
[EventType "team-tourn"]
[EventRounds "11"]
[EventCountry "ESP"]
[SourceTitle "EXT 2016"]
[Source "ChessBase"]
[SourceDate "2015.10.08"]
[SourceVersion "1"]
[SourceVersionDate "2015.10.08"]
[SourceQuality "1"]
[WhiteTeam "Barcelona Escola Escacs"]
[BlackTeam "Colon Sabadell"]
[WhiteTeamCountry "ESP"]
[BlackTeamCountry "ESP"]

1. Nf3 Nf6 2. d4 c5 3. e3 g6 4. Bd3 Bg7 5. 0-0 0-0 6. Nbd2 Qc7 7. Re1 d5 8. b3 Nc6 9. Ba3 Nd7 10. c4 dxc4 11. Nxc4 b5 12. Ncd2 cxd4 13. exd4 Nxd4 14. Bxe7 Re8 15. Rc1 Qb6 16. Be4 Bb7 17. Bxb7 Qxb7 18. Nxd4 Bxd4 19. Nf3 Bg7 20. Qd6 Rac8 21. h3 1/2-1/2

[Event "Catalunya-ch"]
[Site "Barcelona"]
[Date "2014.05.10"]
[Round "4.3"]
[White "Asis Gargatagli, Hipolito"]
[Black "Vila Gazquez, Xavier"]
[Result "1-0"]
[WhiteElo "2460"]
[BlackElo "2471"]
[PlyCount "49"]
[EventDate "2014.05.03"]
[EventType "k.o."]
[EventRounds "4"]
[EventCountry "ESP"]
[SourceTitle "CBM 160 Extra"]
[Source "ChessBase"]
[SourceDate "2014.07.01"]
[SourceVersion "1"]
[SourceVersionDate "2014.07.01"]
[SourceQuality "1"]

1. e4 c5 2. Nf3 e6 3. Nc3 Nc6 4. d4 cxd4 5. Nxd4 Qc7 6. f4 a6 7. Nxc6 Qxc6 8. Bd3 b5 9. Qe2 Bb7 10. Bd2 Bc5 11. 0-0-0 Ne7 12. Qh5 b4 13. Na4 d6 14. b3 0-0 15. Rhf1 g6 16. Qh4 f6 17. f5 exf5 18. exf5 Nxf5 19. Rxf5 gxf5 20. Bxf5 Rf7 21. Be6 Qe8 22. Qxf6 Bc8 23. Bc4 Raa7 24. Nxc5 dxc5 25. Bh6 1-0